000 01022cam a2200301 a 4500
001 1448
005 20251203161306.0
020 _a9780590629843
040 _aDLC
_cDLC
_dDLC
_beng
050 0 0 _aPZ7.O81167
_bMr 1993
082 0 0 _aFic
_220
100 1 _aOsborne, Mary Pope.
245 1 0 _aMummies in the morning /
_cby Mary Pope Osborne ; illustrated by Sal Murdocca.
260 _aNew York :
_bScholastic
_c1993
300 _a64 pages :
_billustrations ;
_c20 cm
490 _aMagic Tree House
_vBook 3
500 _a"A First stepping stone book."
505 _aJ
520 _aJack and his younger sister take a trip in their tree house back to ancient Egypt, where they help a queen's mummy continue her voyage to the Next Life.
521 0 _a500
_bLexile
521 1 _aJ
_bRaz-Plus
650 1 _aTime travel
_xFiction.
650 1 _aMummies
_xFiction.
650 1 _aMagic
_xFiction.
650 1 _aTree houses
_xFiction.
906 _a7
_bcbc
_corignew
_d1
_eocip
_f19
_gy-gencatlg
942 _2ddc
_cBK
_n0
999 _c1448
_d1448